市町村数が40個以上の都道府県(サドンデス) - Statistics

General Stats
  • This quiz has been taken 178 times
  • The average score is 5 of 15
Answers on the Grid
Answers color-coded by a green-red scale on the quiz's grid according to % correct below.
北海道
青森県
岩手県
福島県
岐阜県
東京都
埼玉県
千葉県
茨城県
山形県
群馬県
新潟県
長野県
静岡県
愛知県
兵庫県
大阪府
奈良県
京都府
広島県
高知県
愛媛県
神奈川県
福岡県
長崎県
熊本県
鹿児島県
宮城県
宮崎県
沖縄県
 
Answer Stats
Answer % Correct
179個 北海道
67%
63個 埼玉県
61%
77個 長野県
45%
54個 愛知県
45%
43個 大阪府
45%
60個 福岡県
42%
54個 千葉県
41%
59個 福島県
34%
44個 茨城県
27%
41個 兵庫県
27%
43個 鹿児島県
25%
42個 岐阜県
17%
41個 沖縄県
16%
45個 熊本県
12%
40個 青森県
8%
No matching quizzes found
Score Distribution
Percent of People with Each Score
Percentile by Number Answered
Your Score History
You have not taken this quiz